La guerra del rinoceronte /

Guardado en:
Autor Principal: Nuño, Sergio
Formato: Deslizar
Series:La tierra en que vivimos
Materias:
Etiquetas: Agregar Etiqueta
Sin Etiquetas, Sea el primero en etiquetar este registro!
LEADER 00958ngm a22002895g 4500
001 CEM.cems021433
008 130507b1992##################0###0#####d
005 20240823133900.0
245 1 0 |a La guerra del rinoceronte /  |c Sergio Nuño. 
300 |a 54 
490 0 |a La tierra en que vivimos 
500 |a En soporte VHS, consultar en ventanilla. 
505 0 |a La lucha por la vida del rinoceronte negro en África. Índices de mortalidad. Especies. Comercio de marfil. 
538 |a Soporte: VHS - Norma: Pal N - Color - Grabación Drd 1992 - Hitachi=2700 
100 1 |a Nuño, Sergio 
082 9 1 |/ NUñ 
653 |a GEOGRAFIA 
653 |a ZOOLOGIA 
653 |a AFRICA 
653 |a RINOCERONTE 
653 |a MARFIL 
653 |a AFRICA-GEOGRAFIA 
653 |a AFRICA-ZOOLOGIA 
653 |a COMPORTAMIENTO ANIMAL 
653 |a NIVEL PRIMARIO 
653 |a NIVEL SECUNDARIO 
859 |a CEMS  |b BIB. CEMS - Depto. Recursos Didacticos  |h 910  |i NUñ  |k DRD  |p 76.12  |t Ej.1